Top 5 Happiest Nations of each Continent 2018 & Map - Statistics

General Stats
  • This quiz has been taken 380 times
    262 since last reset
  • The average score is 22 of 30
Answers on the Map
Answers color-coded by a green-red scale on the quiz's map according to % correct below.
 
Answer Stats
Answer % Correct
Canada
97%
United States
96%
Argentina
92%
Brazil
92%
Chile
92%
Norway
92%
Australia
89%
Denmark
89%
Mexico
89%
Finland
88%
New Zealand
86%
Iceland
85%
Uruguay
85%
Colombia
81%
Panama
77%
Morocco
70%
Switzerland
70%
Singapore
69%
Costa Rica
68%
UAE
63%
Israel
60%
Thailand
60%
Algeria
59%
Malaysia
58%
Qatar
58%
Taiwan
49%
Nigeria
45%
Mauritius
42%
Saudi Arabia
42%
Libya
35%
No matching quizzes found
Score Distribution
Percent of People with Each Score
Percentile by Number Answered
Your Score History
You have not taken this quiz since the last reset